Electric and Hybrid Electric Vehicles/ (Record no. 198282)

MARC details
000 -LEADER
fixed length control field 00637nam a22001817a 4500
005 - DATE AND TIME OF LATEST TRANSACTION
control field 20230918141512.0
010 ## - LCCN (DPL NO)
LC control number ENG-138099
020 ## - INTERNATIONAL STANDARD BOOK NUMBER
International Standard Book Number 9789356066281
Terms of availability 599.00
035 ## - SYSTEM CONTROL NUMBER
System control number EN-121631
037 ## - SOURCE OF ACQUISITION
Source of stock number/acquisition DBAD/PUB
082 ## - DEWEY DECIMAL CLASSIFICATION NUMBER
Classification number 629.250
100 ## - MAIN ENTRY--PERSONAL NAME
Personal name Halderman, James D.
245 ## - TITLE STATEMENT
Title Electric and Hybrid Electric Vehicles/
Statement of responsibility, etc James D. Halderman and Curt Ward
260 ## - PUBLICATION, DISTRIBUTION, ETC. (IMPRINT)
Place of publication, distribution, etc Uttar Pradesh
Name of publisher, distributor, etc Pearson India Education Services Pvt. Ltd.
Date of publication, distribution, etc 2023
270 ## - ADDRESS
Address 1st Floor, Berger Tower, Plot No. C-001A/2, Sector 16B
City Noida (Uttar Pradesh)
Postal code 201301
300 ## - PHYSICAL DESCRIPTION
Extent 313
Dimensions 26cm(pbk)
Other physical details Index
942 ## - ADDED ENTRY ELEMENTS (KOHA)
Source of classification or shelving scheme Dewey Decimal Classification
Item type English Books
Classification part 629.250
Call number suffix HAL
Holdings
Withdrawn status Lost status Not for loan Collection code Home library Current library Date acquired Source of acquisition Cost, normal purchase price Full call number Barcode Copy number Cost, replacement price Koha item type
      Non-fiction Sarojini Nagar Sarojini Nagar 18/09/2023 DBAD/PUB 599.00 629.250 HAL EN-121631 1 599.00 English Books

© Delhi Public Library
Hit Counter
free hit counter